000
00328nam a22001457a 4500
008
221122b ||||| |||| 00| 0 eng d
020
_a
9781284045284
041
_a
eng
080
_2
SECOND EDITION
_a
159.9
082
_a
159.9
100
_a
25
101
_a
PSI
245
_a
PUBLIC HEALTH 101
_c
REIGELMAN R
942
_2
udc
_c
BK
999
_c
59005
_d
59005